| 000 | 00494nam a2200169 a 4500 | ||
|---|---|---|---|
| 005 | 20140412111322.0 | ||
| 008 | 010307s19uu xx 00 eng d | ||
| 020 | _a0-307-10282-3 | ||
| 050 |
_aER _bGa11fu 1988 |
||
| 100 | _aDavis, Jim | ||
| 245 |
_aGarfield the fussy cat / _ccreated by Jim Davis ; story by Norma Simone. |
||
| 260 |
_aNew York : _bA Golden Book, _c1988. |
||
| 300 | _a1 v. (unp.) ; ill. ; col. | ||
| 440 | _aGarfield | ||
| 650 | _aCat stories -- Fiction | ||
| 999 |
_c104408 _d104408 |
||